Представление документа в формате RUSMARC

ПолеНазваниеЗначение
  Тип записи a
  Библиографический уровень m
001 Контрольный номер bbe340040e3a48df954dd5b6176facad
005 Дата корректировки 20260618110422.6
010 Индекс ISBN __
a ISBN 978-5-91921-350-5
b Уточнения в пер.
100 Данные общей обработки __
a Данные общей обработки 20220531d2021 d y0rusy028902 ca
101 Язык документа 0_
a Язык текста rus
102 Страна публикации __
a Страна публикации RU
105 Кодированные данные (монография) __
a Кодированные данные (монография) y z 000ay
181 Поле кодированных данных: вид содержания _0
a Код вида содержания (ISBD) i
182 Поле кодированных данных: тип средства _0
a Код типа средства (ISBD) n
200 Заглавие и сведения об ответственности 1_
a Заглавие Выше Радуги
e Сведения, относящиеся к заглавию [повесть : в 2 книгах]
f Первые сведения об ответственности Сергей Абрамов
203 Вид содержания и тип средства __
a Вид содержания Текст
c Тип средства непосредственный
210 Выходные данные 1_
a Место издания Москва
c Издательство Чинар
d Дата издания 2021
215 Физическое описание __
d Формат 21 см
225 Серия 2_
a Серия Круг чтения
e Сведения, относящиеся к заглавию серии издание для слабовидящих
330 Аннотация __
a Аннотация Кто из подростков не мечтает о волшебной палочке или доброй фее, которая осуществит его заветную мечту? Но мало кто задумывается о том, какую цену придется заплатить за исполнение желаний… Так и в повести "Выше Радуги". Алик Радуга - типичный "ботаник": он блещет интеллектом, сочиняет стихи, но в спорте слабоват. Одноклассники посмеиваются над парнем, а учитель физкультуры давно махнул на него рукой. Но в одно прекрасное утро Радугу словно подменили: он вдруг начинает показывать отличные результаты и даже попадает на соревнования. Однако неожиданный спортивный успех ставит Алика перед трудным нравственным выбором. Герой повести сумел принять правильное решение. Он утратил волшебный дар, но упорным трудом достиг того, к чему стремился…
333 Примечание о целевом назначении __
a Примечание о целевом назначении 6+. Для детей старше шести лет
606 Тематические рубрики __
a Основная рубрика Художественная литература
2 Код системы nlr_sh
606 Тематические рубрики __
a Основная рубрика Русская литература XX в. (произведения)
2 Код системы nlr_sh
610 Ключевые слова 0_
a Ключевые слова повести
610 Ключевые слова 0_
a Ключевые слова фантастические повести
610 Ключевые слова 0_
a Ключевые слова повести для детей
610 Ключевые слова 0_
a Ключевые слова тема детей
610 Ключевые слова 0_
a Ключевые слова тема волшебного дара
610 Ключевые слова 0_
a Ключевые слова тема школы
610 Ключевые слова 0_
a Ключевые слова тема школьной жизни
610 Ключевые слова 0_
a Ключевые слова детская литература
610 Ключевые слова 0_
a Ключевые слова подростковая литература
610 Ключевые слова 0_
a Ключевые слова чтение для слабовидящих
610 Ключевые слова 0_
a Ключевые слова книги для незрячих
686 Индексы других классификаций __
2 Код системы rubbks
a Классификационный индекс ст84(2=411.2)6-4я0
700 Автор _1
a Фамилия Абрамов
b Имя С. А.
f Даты 1944-
g Полное личное имя Сергей Александрович
4 Код отношения 070
801 Источник записи _0
a Страна RU
b Организация Муниципальное бюджетное учреждение культуры "Централизованная библиотечная система" г. Сургут (Центральная городская библиотека им. А. С. Пушкина)
g Правила каталогизации PSBO
c Дата составления 20220531
801 Источник записи _1
a Страна RU
b Организация Муниципальное бюджетное учреждение культуры "Централизованная библиотечная система" г. Сургут (Центральная городская библиотека им. А. С. Пушкина)
g Правила каталогизации PSBO
c Дата составления 20220531
852 Данные о местонахождении __
j Шифр хранения ст84(2=411.2)6-4я0
i Авторский знак А 16
901 Тип документа __
a Ответственный ООФиК/Волкова
t Тип документа v
903 Характеристики (МАРС) __
a Дата передачи 20220531
c Наименование библиотеки (МАРС) Муниципальное бюджетное учреждение культуры "Централизованная библиотечная система" г. Сургут (Центральная городская библиотека им. А. С. Пушкина)